Ч. 1; Прямое преобразование механической энергии в электрическую на основе дефектной структуры твердого тела

Bibliografski detalji
Parent link:Прямое преобразование механической энергии в электрическую на основе дефектной структуры твердого тела: [депонированная рукопись]/ А. А. Воробьев; Томский политехнический институт (ТПИ). Ч. 1.— , 1976
Sažetak:Деп. в ВИНИТИ 28.05.76, № 3743-76
Jezik:ruski
Izdano: 1976
Teme:
Format: Knjiga
KOHA link:https://koha.lib.tpu.ru/cgi-bin/koha/opac-detail.pl?biblionumber=350703

MARC

LEADER 00000nam2a2200000 4500
001 350703
005 20231102010329.0
029 0 0 |a RU  |b 3743-76  |c Деп  |f ВИНИТИ 
035 |a (RuTPU)RU\TPU\retro\4962 
090 |a 350703 
100 |a 20190225d1976 k y0rusy50 ca 
101 0 |a rus 
102 |a RU 
105 |a a z 001zy 
200 0 |a Ч. 1 
210 |d 1976 
215 |a 177 с.  |c ил. 
300 |a Деп. в ВИНИТИ 28.05.76, № 3743-76 
317 |5 63413507: КР-6042  |a Поступил в НТБ в 1987 г. в дар от вдовы ученого Е. К. Завадовской 
320 |a Библиогр. в конце ст. 
461 1 |0 (RuTPU)RU\TPU\retro\5504  |t Прямое преобразование механической энергии в электрическую на основе дефектной структуры твердого тела  |o [депонированная рукопись]  |o в 2 ч.  |f А. А. Воробьев  |g Томский политехнический институт (ТПИ)  |v Ч. 1  |d 1976 
606 1 |a Твердые тела  |x Дефекты  |2 stltpush  |3 (RuTPU)RU\TPU\subj\58642  |9 76412 
610 1 |a физика 
610 1 |a дефектные структуры 
610 1 |a разрушение 
610 1 |a электронные явления 
610 1 |a твердые диэлектрики 
610 1 |a щелочно-галоидные кристаллы 
610 1 |a электрические воздействия 
610 1 |a депонированные рукописи 
610 1 |a библиотека А. А. Воробьева 
610 1 |a дары библиотеке 
675 |a 539.21  |v 4 
801 1 |a RU  |b 63413507  |c 20190225 
801 2 |a RU  |b 63413507  |c 20200825  |g RCR 
942 |c BK